<?xml version="1.0" encoding="UTF-8"?>
<record
    xmlns:xsi="http://www.w3.org/2001/XMLSchema-instance"
    xsi:schemaLocation="http://www.loc.gov/MARC21/slim http://www.loc.gov/standards/marcxml/schema/MARC21slim.xsd"
    xmlns="http://www.loc.gov/MARC21/slim">

  <leader>00725nam a2200253   4500</leader>
  <controlfield tag="001">115310</controlfield>
  <controlfield tag="003">ES-MaBCM</controlfield>
  <controlfield tag="005">20241016140917.0</controlfield>
  <controlfield tag="008">051115s1972    esp                 spa d</controlfield>
  <datafield tag="017" ind1=" " ind2=" ">
    <subfield code="a">M.15732-1972</subfield>
  </datafield>
  <datafield tag="021" ind1=" " ind2=" ">
    <subfield code="a">xx</subfield>
  </datafield>
  <datafield tag="035" ind1=" " ind2=" ">
    <subfield code="a">(OCoLC)633527444</subfield>
  </datafield>
  <datafield tag="035" ind1=" " ind2=" ">
    <subfield code="a">(OCoLC)633527444</subfield>
  </datafield>
  <datafield tag="040" ind1=" " ind2=" ">
    <subfield code="c">ES-MaBCM</subfield>
  </datafield>
  <datafield tag="041" ind1="0" ind2=" ">
    <subfield code="a">spa</subfield>
  </datafield>
  <datafield tag="245" ind1="0" ind2="0">
    <subfield code="a">Espa&#xF1;a siglo XX</subfield>
    <subfield code="c">selecci&#xF3;n y  pr&#xF3;logo F. Flores Arroyuelo</subfield>
  </datafield>
  <datafield tag="260" ind1=" " ind2=" ">
    <subfield code="a">Madrid :</subfield>
    <subfield code="b">Cuadernos para el Di&#xE1;logo,</subfield>
    <subfield code="c">1972</subfield>
  </datafield>
  <datafield tag="300" ind1=" " ind2=" ">
    <subfield code="a">404 p.</subfield>
    <subfield code="c">18 cm</subfield>
  </datafield>
  <datafield tag="440" ind1=" " ind2="0">
    <subfield code="a">Divulgaci&#xF3;n universitaria, cuestiones espa&#xF1;olas</subfield>
    <subfield code="9">106824</subfield>
    <subfield code="v">40</subfield>
  </datafield>
  <datafield tag="650" ind1="2" ind2="7">
    <subfield code="a">Descripci&#xF3;n y viajes</subfield>
    <subfield code="9">58382</subfield>
  </datafield>
  <datafield tag="651" ind1="2" ind2="4">
    <subfield code="a">Espa&#xF1;a</subfield>
    <subfield code="9">115342</subfield>
  </datafield>
  <datafield tag="700" ind1="1" ind2=" ">
    <subfield code="a">Flores Arroyuelo, F.</subfield>
    <subfield code="9">64929</subfield>
  </datafield>
  <datafield tag="942" ind1=" " ind2=" ">
    <subfield code="c">BK</subfield>
  </datafield>
  <datafield tag="999" ind1=" " ind2=" ">
    <subfield code="c">115310</subfield>
    <subfield code="d">115310</subfield>
  </datafield>
  <datafield tag="952" ind1=" " ind2=" ">
    <subfield code="0">0</subfield>
    <subfield code="1">0</subfield>
    <subfield code="2">CDU</subfield>
    <subfield code="4">0</subfield>
    <subfield code="7">0</subfield>
    <subfield code="a">BC</subfield>
    <subfield code="b">BC</subfield>
    <subfield code="c">SALA</subfield>
    <subfield code="d">2005-11-15</subfield>
    <subfield code="i">15323</subfield>
    <subfield code="k">15323</subfield>
    <subfield code="l">0</subfield>
    <subfield code="o">12148</subfield>
    <subfield code="p">1020760</subfield>
    <subfield code="w">2005-11-15</subfield>
    <subfield code="y">BK</subfield>
  </datafield>
  <datafield tag="952" ind1=" " ind2=" ">
    <subfield code="0">0</subfield>
    <subfield code="1">0</subfield>
    <subfield code="2">CDU</subfield>
    <subfield code="4">0</subfield>
    <subfield code="7">0</subfield>
    <subfield code="a">BC</subfield>
    <subfield code="b">BC</subfield>
    <subfield code="c">SALA</subfield>
    <subfield code="d">2005-11-18</subfield>
    <subfield code="i">14606</subfield>
    <subfield code="k">14606</subfield>
    <subfield code="l">0</subfield>
    <subfield code="o">11550</subfield>
    <subfield code="p">1021269</subfield>
    <subfield code="w">2005-11-18</subfield>
    <subfield code="y">BK</subfield>
  </datafield>
</record>
